| 000 | 00471nam a2200169Ia 4500 | ||
|---|---|---|---|
| 003 | OSt | ||
| 005 | 20200930102236.0 | ||
| 008 | 190216s9999||||xx |||||||||||||| ||und|| | ||
| 040 | _coclc | ||
| 082 |
_a572 _bMOH/B |
||
| 100 |
_aMohanan, K V _95176 |
||
| 245 | 0 |
_aBiometry, Biotechnology, Microbiology / _cK V Mohanan |
|
| 260 |
_bManjusha Publications, _aCalicut: |
||
| 300 | _a191p | ||
| 650 | _aBotany | ||
| 942 |
_cBK _2ddc _h572 _iMOH/B _k572 _mMOH/B |
||
| 999 |
_c1551 _d1551 |
||